Capital of Non-Recognized Countries, and Territories of the World - Statistics

General Stats
  • This quiz has been taken 594 times
  • The average score is 21 of 48
Answer Stats
Continent Territory Capital % Correct
North America Puerto Rico San Juan
77%
North America Greenland Nuuk
75%
Asia Palestine East Jerusalem /Ramallah
70%
Asia Northern Cyprus North Nicosia
60%
South America French Guiana Cayenne
58%
South America Aruba Oranjestad
55%
Europe Isle of Man Douglas
54%
North America Bermuda Hamilton
53%
Oceania French Polynesia Papeete
53%
South America Falkland Islands Stanley
52%
Europe Faroe Islands Tórshavn
52%
Africa Réunion Saint-Denis
51%
South America Curaçao Willemstad
51%
Oceania American Samoa Pago Pago
50%
Europe Transnistria Tiraspol
49%
North America Guadeloupe Basse-Terre
48%
Africa Saint Helena, Ascension, and Tristan da Cunha Jamestown
47%
Africa Western Sahara(Disputed) Laayoune
47%
Oceania New Caledonia Nouméa
47%
North America Saint Pierre and Miquelon Saint-Pierre
46%
North America Martinique Fort-de-France
44%
Europe Svalbard and Jan Mayen Longyearbyen
44%
Europe Jersey Saint Helier
44%
North America U.S. Virgin Islands Charlotte Amalie
42%
North America Cayman Islands George Town
42%
Africa Somaliland Hargeisa
42%
North America Turks and CaicosIslands Cockburn Town
41%
North America Anguilla The Valley
41%
Oceania Pitcairn Islands Adamstown
40%
Asia Christmas Islands Flying Fish Cove
40%
North America British Virgin Islands Road Town
40%
Europe Guernsey Saint Peter Port
40%
Africa Mayotte Mamoudzou
39%
North America Montserrat Plymouth / Brades
39%
Oceania Niue Alofi
38%
Oceania Guam Hagåtña
38%
Oceania Northern MarianaIslands Saipan
36%
Oceania Cook Islands Avarua
35%
Oceania Norfolk Island Kingston
35%
Asia Cocos (Keeling) Islands West Island
35%
North America Saint Barthélemy Gustavia
31%
Oceania Wallis and Futuna Mata Utu
29%
North America Sint Maarten Philipsburg
29%
Asia Artsakh Stepanakert
29%
Asia Abkhazia Sukhumi
28%
North America Saint Martin(Collectivity of.) Marigot
27%
Asia South Ossetia Tskhinvali
23%
Europe Gibraltar Westside
13%
No matching quizzes found
Score Distribution
Percent of People with Each Score
Percentile by Number Answered
Your Score History
You have not taken this quiz